书目信息 |
| 题名: |
计算技术
|
|
| 作者: | 周振章 编 | |
| 分册: | ||
| 出版信息: | 大连 东北财经大学出版社 2004.02 |
|
| 页数: | 307页 | |
| 开本: | 20cm | |
| 丛书名: | ||
| 单 册: | ||
| 中图分类: | O121.5 | |
| 科图分类: | ||
| 主题词: | 初等数学 | |
| 电子资源: | ||
| ISBN: | 7-81084-042-8 | |
| 000 | 00546nam0 2200205 45 | |
| 001 | 0409161145 | |
| 005 | 20060928112806.60 | |
| 010 | @a7-81084-042-8@dCNY15.00 | |
| 100 | @a20040916d2004 km y0chiy0120 ea | |
| 101 | 0 | @achi |
| 102 | @aCN | |
| 200 | 1 | @a计算技术@AJi Suan Ji Shu@f周振章编@Fzhou zhen zhang bian |
| 205 | @a第四版 | |
| 210 | @a大连@c东北财经大学出版社@d2004.02 | |
| 215 | @a307页@d20cm | |
| 606 | 0 | @a初等数学 |
| 690 | @aO121.5@v3 | |
| 701 | 0 | @a周振章@Azhou zhen zhang@4编 |
| 801 | @aCN@bPftUser@c20060928 | |
| 905 | @dO121.5@e125 | |
| 计算技术/周振章编.-第四版.-大连:东北财经大学出版社,2004.02 |
| 307页;20cm |
| ISBN 7-81084-042-8:CNY15.00 |
| ● |
| 相关链接 |
|
|
|
|
正题名:计算技术
索取号:O121.5/125
 
预约/预借
| 序号 | 登录号 | 条形码 | 馆藏地/架位号 | 状态 | 备注 |
| 1 | 0489472 | 204894720 | 密集书库/ [索取号:O121.5/125] | 在馆 |